000 00578nam a22001817a 4500
999 _c190173
_d190173
005 20220719164213.0
010 _aENG-133712
020 _c995.00
_a9789350025284
035 _aEN-117244
037 _bDBAD/PUB
082 _a954
100 _aLal, Ratan
245 _aKashi Prasad Jayaswal:
_bThe making of a 'Nationalist' Historian/
_cRatan Lal
260 _aDelhi
_bAakar books
_c2018
270 _a28 E Pocket IV, Mayur Vihar, Phase-I
_bDelhi
_e110091
_maakarbooks@gmail.com
300 _a343 p.
_c23cm(pbk)
_bAppendix, Index
942 _2ddc
_cEN
_h954
_mLAL